Hudobné križovatky Polstoročie slovenskej populárnej hudby

Bibliographic Details
Main Author: Šoltýs, Laco (Author)
Format: Article
Language:Slovak
PhysicalDescription:(Pokračovanie.)
Subjects:

MARC

LEADER 00000nab a2200000 a 4500
001 vtls000167998
003 SK-MaSNL
005 20260304201155.0
008 111104c1983 xo 0 slo
015 |a SNBRB19rr/mm-uuuuu 
035 |a CL0178109 
040 |a SNKBUCL  |b slo  |c SNKBUCL  |e AACR2 
041 0 |a slo 
044 |a xo  |c SK 
080 |a 784.66(091)  |2 1981 
100 1 |a Šoltýs, Laco  |4 aut  |9 919028 
245 1 0 |a Hudobné križovatky  |b Polstoročie slovenskej populárnej hudby  |c Laco Šoltýs 
300 |b (Pokračovanie.) 
650 0 7 |a populárna hudba  |2 snkbucl  |9 3428 
655 7 |a články z novín a časopisov  |2 snkbucl  |9 267496 
773 0 |t Populár  |g Roč. 15, č. 6 (1983), s. 22-23 
850 |a Slovenská národná knižnica v Martine  |a MTA001 
852 |a SNK  |b KIS3GCP 
958 |a RK 
992 |a RBX 
999 |c 3093621  |d 3095551